000 00454nam a2200169 a 4500
001 0000-9038
003 ELIB.Books
008 110520 1971
035 _a(ELIB.Books)0000-9187
082 _a225.7
_bBla
100 _aBlaiklock, E. M.
245 _aTyndale (The Acts of the Apostles)
260 _bGrand Rapids: Wm. B. Eerdmans Publishing Co.
_c1971
650 _aCommentaries
942 _2ddc
_cBK
998 _cbat
_e2011-05-20
999 _c9038
_d9038